000 00892nam a22002297a 4500
003 OSt
005 20260512150525.0
008 260224b |||||||| |||| 00| 0 eng d
020 _a9780718192570
040 _aKenya National Library Service
082 _a823.92 SOU
100 _aSouthgate, Vera,
_eauthor.
245 _aThe Princess and the Pea /
_c retold by Vera Southgate ; with illustrations by Erica-Jane Waters.
300 _a42 pages :
_bcolour illustrations ;
_c18 cm.
490 _aLadybird Tales.
520 _aA beautifully illustrated retelling of the classic fairy tale *The Princess and the Pea* for young readers, part of the Ladybird Tales series.
650 _aFairy tales
_vJuvenile fiction.
700 _aWaters, Erica-Jane,
_eillustrator.
942 _2ddc
_cBK
_n0
999 _c492724
_d492724